Statistics for The Summer I Turned Pretty tsitp

Click here to take the quiz!

General Stats

  • This quiz has been taken 301 times
  • The average score is 9 of 11

Answer Stats

HintAnswer% Correct
Main Girl CharacterBelly conklin
99%
The Above Characters Oldest SonConrad fisher
99%
Youngest sonJeremiah fisher
97%
Main Girl Characters BrotherSteven conklin
97%
Main Girl Characters Best friendTaylor
96%
Main Girl Characters MomLaurel
92%
Main Girl Characters BoyfriendCam
86%
The Above Characters Best friendSusannah fisher
84%
Red Socks Girls NameNicole
78%
The Above Characters DadAdam fisher
60%
The Above Characters DadJohn
43%

Score Distribution

Percentile by Number Answered

Percent of People with Each Score

Your Score History

You have not taken this quiz